| 000 | 00695nam a22002417a 4500 | ||
|---|---|---|---|
| 005 | 20170124110223.0 | ||
| 010 | _a404605 | ||
| 020 | _c00.00 | ||
| 035 | _a404605 | ||
| 037 | _bCen Lib/Ret | ||
| 040 |
_aDPL _bEN |
||
| 082 |
_a523.2 _bSAN |
||
| 100 |
_aSandner, Werner _940252 |
||
| 245 |
_aSatellites of the solar system / _cby Werner Sandner ; translated by Alex Helm |
||
| 260 |
_aLondon _bFaber and Faber _c1965 |
||
| 270 |
_a24 Russell Square _bLondon |
||
| 300 |
_a151p. : _c21cm(Hb) _bill. |
||
| 500 | _aIncludes index | ||
| 650 |
_aSatellites _940253 |
||
| 650 |
_aScientific satellites _933335 |
||
| 700 |
_aHelm, Alex _940254 |
||
| 942 |
_2ddc _cEN _h523.2 _mSAN |
||
| 999 |
_c134267 _d134267 |
||